Learner autonomy: a guide to developing learner responsibility

Kaydedildi:
Detaylı Bibliyografya
Asıl Yazarlar: Scharle, Agota (Yazar), Szabó, Anita (Yazar)
Materyal Türü: Kitap
Dil:İngilizce
Baskı/Yayın Bilgisi: Oxford Cambridge University Press 2000
Konular:
Etiketler: Etiketle
Etiket eklenmemiş, İlk siz ekleyin!

MARC

LEADER 00000cam a2200000 a 4500
001 UCF9756
003 CL-VaPUC
008 131213e20000000uk |||||||||||||||||eng|d
020 |a 9780521775342 
082 0 4 |a 370.1523  |b SCH  |2 21 
100 0 |a Scharle, Agota  |e author  |9 572151 
700 0 |a Szabó, Anita  |e author  |9 572152 
245 1 0 |a Learner autonomy: a guide to developing learner responsibility 
300 |a 112 p 
942 |c BK 
945 |d 20131213 11:12:00  |a dcastane 
260 |a Oxford  |b Cambridge University Press  |c 2000 
650 0 |a Aprendizaje   |9 254827 
650 0 |a Lengua inglesa  |9 318842 
650 0 |a Psicología del aprendizaje  |9 306854 
583 |a last modification  |c 20131213 11:12:00  |k Rodrigo Vera 
999 |c 354167  |d 354165 
952 |0 0  |1 0  |3 erb  |4 0  |6 370_152300000000000_SCH_2000  |7 0  |8 A  |9 459827  |a BIBEDU  |b BIBEDU  |i 5035104  |o 370.1523 SCH 2000  |p 5035104  |r 2019-11-23  |w 2019-11-23  |y BK  |z Catalogado en:20131213  |k LIT 
952 |0 0  |1 0  |3 erb  |4 0  |6 370_152300000000000_SCH_2000  |7 0  |8 A  |9 459828  |a BIBEDU  |b BIBEDU  |i 5245737  |o 370.1523 SCH 2000  |p 5245737  |r 2019-11-23  |w 2019-11-23  |y BK  |z Catalogado en:20151029  |k LIT 
952 |0 0  |1 0  |3 erb  |4 0  |6 370_152300000000000_SCH_2000  |7 0  |8 A  |9 459829  |a BIBEDU  |b BIBEDU  |i 5427193  |o 370.1523 SCH 2000  |p 5427193  |r 2019-11-23  |w 2019-11-23  |y BK  |z Catalogado en:20171006  |k LIT